000 01149nam a2200229 i 4500
001 188954
003 ES-MaACL
005 20251220174059.0
008 190305s1982 sp |||| | spa d
100 1 _aMontes Martínez, José Mª.
_9166530
245 1 0 _aNecesidades y problemas existentes en relación con la investigación sobre el medio ambiente /
_cJosé Mª Montes Martínez.
260 _a[Madrid :
_bCIFCA,
_c1982?]
300 _a40 p. ;
_c30 cm.
490 1 _aOpiniones. Sectores específicos. Ciencia y medio ambiente ;
_v4
500 _aEste documento fue presentado en el Seminario sobre Ciencia, Investigación y Medio Ambiente, organizado conjuntamente por el CIFCA y COLCIENCIAS, que se celebró en Bogotá, Colombia, del 25 al 30 de enero de 1982.
650 0 4 _aMedio ambiente.
_914947
710 2 _aCentro Internacional de Formación en Ciencias Ambientales (Madrid)
_9166480
711 2 _aSeminario sobre Ciencia, Investigación y Medio Ambiente
_d(1982.
_cBogotá)
_9166520
830 0 _aOpiniones. Sectores específicos. Ciencia y medio ambiente ;
_v4
_9193236
852 _aES-MaACL
_jP-469-7
999 _c188954
_d188954